| 000 | 00359nam a2200145 a 4500 | ||
|---|---|---|---|
| 001 | 1283 | ||
| 003 | CDMR | ||
| 005 | 20130116135208.0 | ||
| 008 | 130130s1968||||||||||||||||||||||||||||d | ||
| 040 |
_aCDMR _bcat _cCPC GIRONA |
||
| 100 | 1 |
_aMercader Riba, Joan _9998 |
|
| 245 | 1 | 0 |
_aFelip V i Catalunya _cMercader Riba, Joan |
| 260 |
_c1968 _bEdicions 62 |
||
| 942 | _cMON | ||
| 999 |
_c1283 _d1283 |
||